000 00528nam a22001817a 4500
005 20170531154344.0
010 _aENG-118489
020 _a8185990476
_c210.00
035 _aEN-102021
037 _bDBAD/PUB
082 _a329
100 _aGoel, Sita Ram
245 _aTime for stock taking :
_bWhither sangh parivar ? /
_cby Sita Ram Goel
260 _aNew Delhi
_bVoice Of India
_c1997
270 _a2/18, Ansari Road, New Delhi-110002
300 _axii, 468p
_c22cm.(pbk)
942 _2ddc
_cEN
_h329
_mGOE
999 _c140626
_d140626